000 00285nam a22001337a 4500
008 170421b xxu||||| |||| 00| 0 eng d
020 _a9780805373936
041 _aeng
080 _a573
100 _a11
101 _aSHM
245 _aESSENTIAL BIOLOGY
_cCAMPBELL
942 _2udc
_cBK
999 _c11412
_d11412